000 00409nam a2200181Ia 4500
001 15493
005 20260306170200.0
008 260306t2013||||xx |||||||||||||| ||und||
041 _aESP
082 _a541.3
_bL17
100 _aLaidler, Keith J.
_eAUT
245 0 _aFisicoquímica
260 _c2013
300 _a987 páginas :
_c27 cm.
650 _aGEN
654 _aCCN
942 _cLIB
_dJUS
_fJUS
_2ddc
_n
999 _c15493
_d15493